Instructor's manual and test bank: (Record no. 146121)

MARC details
000 -LEADER
fixed length control field 00805nam a2200241 a 4500
008 - FIXED-LENGTH DATA ELEMENTS--GENERAL INFORMATION
fixed length control field
020 ## - INTERNATIONAL STANDARD BOOK NUMBER
International Standard Book Number 0673171515 (pbk.)
049 ## - LOCAL HOLDINGS (OCLC)
Holding library MAIN
090 ## - LOCALLY ASSIGNED LC-TYPE CALL NUMBER (OCLC); LOCAL CALL NUMBER (RLIN)
Classification number (OCLC) (R) ; Classification number, CALL (RLIN) (NR) HB171.5
003 - CONTROL NUMBER IDENTIFIER
control field
005 - DATE AND TIME OF LATEST TRANSACTION
control field 20230123133308.0
040 ## - CATALOGING SOURCE
Transcribing agency NUST
100 1# - MAIN ENTRY--PERSONAL NAME
Personal name Brown, William S.
245 10 - TITLE STATEMENT
Title Instructor's manual and test bank:
Remainder of title Exploring economics /
Statement of responsibility, etc. prepared by William S. Brown; to accompany the text by Ralph T. Byrns and Gerald W. Stone.
260 ## - PUBLICATION, DISTRIBUTION, ETC.
Place of publication, distribution, etc. Glenview, Ill. :
Name of publisher, distributor, etc. Scott, Foresman,
Date of publication, distribution, etc. c1984.
300 ## - PHYSICAL DESCRIPTION
Extent vii, 255 p. ;
Dimensions 28 cm.
650 #0 - SUBJECT ADDED ENTRY--TOPICAL TERM
Topical term or geographic name entry element Economics.
700 ## - ADDED ENTRY--PERSONAL NAME
Personal name Byrns, Ralph T.
700 1# - ADDED ENTRY--PERSONAL NAME
Personal name Stone, Gerald W.
740 ## - ADDED ENTRY--UNCONTROLLED RELATED/ANALYTICAL TITLE
Uncontrolled related/analytical title Exploring economics :
-- Instructor's manual and test bank.
907 ## - LOCAL DATA ELEMENT G, LDG (RLIN)
a .b10079075
b 08-07-03
c 25-06-03
942 ## - ADDED ENTRY ELEMENTS (KOHA)
Koha item type Ordinary Loan Books
Call number prefix HB171.5
Holdings
Date last seen Total Checkouts Full call number Barcode Cost, replacement price Price effective from Koha item type Lost status Source of classification or shelving scheme Damaged status Not for loan Collection Withdrawn status Home library Current library Shelving location Date acquired Cost, normal purchase price
01/23/2023 1 HB171.5 BRO 92003002206 80.00 01/23/2023 BOOKS   LCC     NFIC   MAIN MAIN GEN 01/23/2023 80.00